000 00283nam a22001337a 4500
008 170403b xxu||||| |||| 00| 0 eng d
020 _a9780195072877
041 _aeng
080 _a574
100 _a9
101 _aSHM
245 _aEARTH UNDER SIEGE
_cTURCO.R.P
942 _2udc
_cBK
999 _c9555
_d9555